Hollywood musicals

Guardat en:
Dades bibliogràfiques
Autor principal: COHAN, Steven
Format: Llibre
Idioma:anglès
Publicat: Routledge 2019
Etiquetes: Afegir etiqueta
Sense etiquetes, Sigues el primer a etiquetar aquest registre!

MARC

LEADER 00000nam a22000007a 4500
008 230124b |||||||| |||| 00| 0 eng d
020 |a 9781138497450 
100 |a COHAN, Steven 
245 |a Hollywood musicals  |c Steven Cohan.  |e Routledge film guidebooks  |g 219p;ill 
260 |b Routledge  |c 2019  |h New York  |i 699790  |i 699791  |l PN1995.9.M86C66  |m Musical films -United States -History and Criticism 
500 |a Includes bibliographical references and index 
942 |a lcc  |c BK  |e Johnson  |f 24/01/23 
952 |0 0  |1 0  |2 lcc  |4 0  |6 PN19959 M86 C66  |7 0  |9 4183  |a ART  |b HOL  |c LP  |d 2023-01-24  |l 0  |o PN1995.9.M86C66  |p 2023-0113  |r 2023-01-24 00:00:00  |t 699790  |w 2023-01-24  |y BK 
952 |0 0  |1 0  |2 lcc  |4 0  |6 PN19959 M86 C66  |7 0  |9 4184  |a HOL  |b HOL  |c LP  |d 2023-01-24  |l 0  |o PN1995.9.M86C66  |p 2023-0114  |r 2023-01-24 00:00:00  |t 699791  |w 2023-01-24  |y BK 
999 |c 2096  |d 2096